• 首页
  • 本馆介绍
  • 公告通知
  • 最新文献
  • 馆藏检索
  • 电子资源
  • 读者导购
  • 参考咨询
  • 我的图书馆
  • 登录
  • 详细信息显示
  • 放入我的书架
  • 预约/预借图书
  • 作者相关作品
  • 分类相关作品
  • 丛书相关作品
  • 出版社相关作品

书目信息

  • 表格格式
  • 工作单格式
  • 卡片格式
题名:
人防工程全过程管理研究
    
 
作者: 邢红昌 , 陶建林 , 朱芳磊 著
分册:  
出版信息: 北京   中国原子能出版社  2019.12
页数: 408页
开本: 26cm
丛书名:
单 册:
中图分类: TU927
科图分类:
主题词: 人防地下建筑物--ren fang di xia jian zhu wu--建筑施工--施工管理--研究
电子资源:
ISBN: 978-7-5221-0341-9
000 01211nam0 2200253 450
001 2161436495
005 20210928130734.0
010    @a978-7-5221-0341-9@dCNY97.00
100    @a20200425d2020 em y0chiy0110 ea
101 0  @achi
102    @aCN@b110000
105    @ay z 000yy
106    @ar
200 1  @a人防工程全过程管理研究@Aren fang gong cheng quan guo cheng guan li yan jiu@f邢红昌, 陶建林, 朱芳磊著
210    @a北京@c中国原子能出版社@d2019.12
215    @a408页@d26cm
330    @a本书在内容上注重依据现行的法规、规范,对相关法规、规范、标准的阐述注重原文原意,注重讲述人防工程质量上的通病、关键节点处,重点说明操作要点,旨在提高人防工程全过程管理人员的业务素质和全过程管理工作水平。本书叙述了人防工程的基本概念、人民防空工程勘察设计标准及监理的基本知识、人民防空工程的施工要求及验收标准、人防工程的建筑结构和设备的各分部分项工程的质量控制以及人民防空工程的维护管理控制,是建设监理单位按照市。
606 0  @a人防地下建筑物@Aren fang di xia jian zhu wu@x建筑施工@x施工管理@x研究
690    @aTU927@v5
701  0 @a邢红昌@Axing hong chang@4著
701  0 @a陶建林@Atao jian lin@4著
701  0 @a朱芳磊@Azhu fang lei@4著
801  0 @aCN@b百万庄@c20210927
905    @b1302299-2301@dTU927@e1804@f3
    
    人防工程全过程管理研究/邢红昌, 陶建林, 朱芳磊著.-北京:中国原子能出版社,2019.12
    408页;26cm
    
    
    ISBN 978-7-5221-0341-9:CNY97.00
    本书在内容上注重依据现行的法规、规范,对相关法规、规范、标准的阐述注重原文原意,注重讲述人防工程质量上的通病、关键节点处,重点说明操作要点,旨在提高人防工程全过程管理人员的业务素质和全过程管理工作水平。本书叙述了人防工程的基本概念、人民防空工程勘察设计标准及监理的基本知识、人民防空工程的施工要求及验收标准、人防工程的建筑结构和设备的各分部分项工程的质量控制以及人民防空工程的维护管理控制,是建设监理单位按照市。
●
相关链接 在E读中查询图书 在五车中查询图书 在当当中查询图书 在豆瓣中查询图书


正题名:人防工程全过程管理研究     索取号:TU927/1804         预约/预借

序号 登录号 条形码 馆藏地/架位号 状态 备注
1 1302299   213022995   第二样本阅览室/ [索取号:TU927/1804] 在馆    
2 1302300   213023002   第三借阅区/ [索取号:TU927/1804] 在馆    
3 1302301   213023011   第三借阅区/ [索取号:TU927/1804] 在馆    
唐山师范学院图书馆 欢迎您!
大连网信软件有限公司© 版权所有